1958 1493 1406 1225 1953 1470 1244 1859 1393 1881 1973 1837 1197 1189 1496 1410 1353 1381 1496 1689 1880 1715 1344 1306 1356 1523 1552 1804 1459 1428 1772 1410 1741 1885 1397 1686 1733 1400 1973 1814 1894 1658 1696 1195 1454 1110 1462 1352 1311 1440 1811 1986 1526 1620 1092 1829 1770 1432 1947 1621 1251 1627 1252 1917 1215 1272 1483 1569 1644 1509 1622 1723 1823 1858 1781 1171 1209 1746 1778 1025 1019 1018 1556 1513 1777 1937 1359 1791 1813 1953 1126 1626 1922 1798 1033 1692 1120 1556 1299 BCNSPRNW ULIB Ver.6.0+V

เปลี่ยนเป็นภาษาไทย

Change to English
 แสดงรายละเอียดบรรณานุกรม
  กลับหน้าหลัก

Brief Record : Get Marc (ISO 2709) : E-mail record : QR code < ปิดหน้าต่าง
LEADER : 00000nam 2200000uu 4500
001    13399112317
003     ULIB
008    110627s2554||||th 000 0 tha d
020    9786160602858
090    นว.^bT111H 2554
100 0  Tiara
245 00 How to love...ผูกใจรัก/^cTiara
250    พิมพ์ครั้งที่ 2
260    กรุงเทพฯ :^bแจ่มใส,^c2554
300    251 หน้า
710 1  แจ่มใส
945    ^p169^l0^i030405
995    ทศพร
999 ^a ใช้งานได้ทุกระบบ
รายการนี้ยังไม่มีแท็ก
คุณยังไม่ได้ล็อกอิน คุณสามารถมีกิจกรรมร่วมกับเว็บไซต์ได้ แต่ต้องล็อกอินก่อน ::
  ล็อกอิน

รายการสื่อสารสนเทศ

ลำดับที่ ประเภท เลขเรียก/บาร์โค้ด สถานที่ สถานะ
- ไม่พบข้อมูล -

รายการใกล้เคียง
    ผู้แต่ง [Tiara]

BibComment


ยังไม่เคยถูกคอมเมนท์

คอมเมนท์ทรัพยากรรายการนี้
  คอมเมนท์: How to loveผูกใจร..


 Copyright 2026. Bcnsprnw @Library